| 000 | nam a22 4500 | ||
|---|---|---|---|
| 999 |
_c28769 _d28769 |
||
| 008 | 170317b xxu||||| |||| 00| 0 eng d | ||
| 020 | _a9700873363936 | ||
| 020 | _a0073363936 | ||
| 050 |
_aHG 179 _b.K37 2009 |
||
| 100 | _aKapoor Jack R. | ||
| 245 |
_aPersonal finance : _bstudent resource manual / _cJack R Kapoor...[et al.]. |
||
| 260 | _bIrwin Mcgraw-Hill, 2008. | ||
| 300 |
_av,340p. ; _c28cm |
||
| 650 | _aFinance | ||
| 700 | _aDlabay Les R. | ||
| 700 | _aHughes Robert J. | ||
| 942 |
_2lcc _cBOOKS _hHG 179 .K37 2009 |
||